Take off! all about airplanes

Bibliographic Details
Main Author: Prior, Jennifer
Format: Book
Published: Huntington Beach,CA : Teacher Created Materials , 2012
Series:Time for kids
Subjects:

MARC

LEADER 00000cam a2200000 7i4500
001 0000211699
005 20180321.0
020 |a 9781433336553 
090 0 0 |a 600   |b PRI 
100 1 |a Prior, Jennifer 
245 1 0 |a Take off! all about airplanes   |c Jennifer Prior 
260 |a Huntington Beach,CA :   |b Teacher Created Materials ,   |c 2012 
300 |a 28p. :   |b ill. ;   |c 23cm. 
490 0 |a Time for kids 
650 0 |a Airplane   |v Juvenile literature 
999 |a 00347316   |b BUKU   |c JUNIOR BOOKS   |e PERPUSTAKAAN KOMUNITI CAW BANDAR UTAMA